000 00684nam a2200217Ii 4500
003 JO-AjNU
008 230605s9999||||xx |||||||||||||| ||und||
017 _a2011/6/2363
040 _aJO-AjNU
_bara
_erda
_cJO-AjNU
041 _aara
050 1 4 _aPJ7820.A4.A15 2011
100 3 _aتأليف ضمرة، يوسف,
_eauthor
_948396
245 0 0 _aعنقود حامض
250 _aط1
264 3 1 _aعمان:وزارة الثقافة،2011
300 _a89ص
336 _atext
_btxt
_2rdacontent
337 _aunmediated
_bn
_2rdamedia
338 _avolume
_bnc
_2rdacarrier
650 4 _a القصص العربية القصيرة - فلسطين - القرن العشرين
_948397
999 _aA21191
_c24759
_d24759